|
|
|
|
| LEADER |
00000nam a2200000 a 4500 |
| 001 |
vtls001359094 |
| 003 |
SK-MaSNL |
| 005 |
20260425222216.0 |
| 008 |
240226s1800 xo lat |
| 035 |
|
|
|a SNK000312625
|
| 035 |
|
|
|a 27CF7AFE-C2BF-4913-990F-5E026A14CA7F
|
| 035 |
|
|
|a urn:nbn:sk:snk-am00ih0o
|
| 040 |
|
|
|a SNKHFA
|b slo
|c SNKHFA
|e AACR2
|
| 041 |
0 |
|
|a lat
|
| 044 |
|
|
|a xo
|c SK
|
| 072 |
|
7 |
|a 101
|x Filozofia
|2 konspekt
|
| 080 |
|
|
|a 101
|2 2011
|
| 100 |
1 |
|
|a Fuchs, Samuel
|4 aut
|9 292668
|
| 245 |
1 |
0 |
|a Io. Samuelis Fuchs, Professoris Philosophiae In Ill. Gymnsio Leutschoviensi A. C. A. Instututiones Logicae, usibus scholasticae juventutis accomodatae
|
| 246 |
3 |
0 |
|a Instututiones Logicae, usibus scholasticae juventutis accomodatae
|
| 260 |
|
|
|a Leutschoviae
|b Typis Michaelis Podhoránszki de Ead.
|c 1800
|
| 300 |
|
|
|a [7], 218 s.
|b 18 cm
|
| 508 |
|
|
|a Predslov
|
| 650 |
0 |
7 |
|a filozofia
|2 SNKPH
|9 793
|
| 700 |
1 |
|
|a Podhoranský, Michal,
|d zomrel po 1824
|4 prt
|9 206931
|
| 752 |
|
|
|a Slovensko
|d Levoča
|
| 852 |
|
|
|a Slovenská národná knižnica
|b Historické fondy
|
| 852 |
|
|
|a snk
|p SD 1554
|
| 958 |
|
|
|a ONDV
|
| 958 |
|
|
|a DF
|
| 999 |
|
|
|c 548621
|d 550551
|
| 952 |
|
|
|a SNK
|b SNK
|y PREZ
|7 0
|p 17A0806643
|o snkSD 1554
|i snk4130/28
|0 0
|1 0
|4 0
|d 2021-08-18
|f 1
|l 0
|r 2026-02-23 13:02:22
|w 2026-02-23
|
| 952 |
|
|
|a SNK
|b SNK
|y PREZ
|7 0
|p 17A1397064
|o snkSD 1554 D2
|i snkD 2401/61
|8 1
|0 0
|1 0
|4 0
|d 2004-11-06
|l 0
|r 2005-01-02 00:00:00
|w 2026-02-23
|
| 952 |
|
|
|a SNK
|b SNK
|y PREZ
|7 0
|p 17A0188473
|o snkSD 1554 D1
|i snkXI. 2617/55
|0 0
|1 0
|4 0
|d 1999-03-30
|l 0
|r 2005-01-02 00:00:00
|w 2026-02-23
|